00943nam a2200277 a 450000100060000000300080000600500170001400800410003103500180007203500230009003500190011303500170013204000340014904100080018308200220019109000180021324500600023126000450029130000320033650400290036865100440039770000560044194200120049799900170050995201390052643067BD-RjUL20211209053636.0160619s1966 enka b 000 0 eng  a(OCoLC)346941 a(OCoLC)ocm00346941 a(BD-RjUL)43185 a(NNC)2582126 dUPvMLCaBD-RjULbengcBD-RjUL aeng a338.942bECO 1966 aHC256.5b.H3800aEconomic growth in Britain /cedited by P.D. Henderson. aLondon :bWeidenfeld & Nicholson,cc1966 a296 p. :btables. ;c23 cm. aIncludes bibliographies. 0aGreat BritainxEconomic policy.91322511 aHenderson, P. D.q(Patrick David),eeditor.9132252 2ddccBK c43067d43067 00102ddc40708NFICaRUCLbRUCLcStackd1967-05-24ePak Centerg31.50l0o338.942 ECO 1966r2016-06-19 00:00:00tC-2w2016-06-19yBK